000 00359nam a2200145Ia 4500
008 221030s9999 xx 000 0 und d
020 _a8131704127
041 _aEnglish
100 _aR. E. Smith
245 0 _aInternet Cryptography
_cby R. E. Smith
260 _bPearson Edcuation
_aNew Delhi
_c2013
300 _a356
650 _aBE Computer
942 _cBK
999 _c15281
_d15281